00739nam a2200217Ia 450000500170000000800410001702000180005804100080007608200150008410000230009924500400012226000420016230000090020450000290021365000360024270000230027890600070030194200070030899900170031595201890033220251114164317.0230125s9999 xx 000 0 und d a0-671-70826-0 aeng a158.1bCAR aCarnegie D9214955 aHow to Enjoy Your Life and Your Job c1986bPocket book publisheraNew York a220p aPersonality Development, aPersonality Development9213420 aCarnegie D9214955 b28 cBK c86811d86811 00102ddc4070aHIMRbHIMRd2009-01-10eThe Forward Booksg141.00i2192l1o158.1 CAR B06984pHIMR-BK-6984q2024-01-23r2023-07-27 00:00:00s2023-07-27v113.00w2008-12-22yBKzB06984